000 00644nam a2200277Ia 4500
005 20260324131639.0
008 008 260324s9999 xx 000 0 eng d
020 _a9780203724651
037 _aEBOOK
040 _aCRL
040 _beng
040 _cCRL
041 _2eng
041 _aeng
084 _qCRL
100 _aElza-Bair Mataskovna Gouchinova; David Lewis
_91186293
245 4 _aThe Kalmyks
260 _bTaylor and Francis
260 _c2006
365 _a
365 _b280
856 _uhttp://www.taylorfrancis.com/books/9780203724651
942 _cEBOOK
999 _c1783662
_d1783662